Hướng dẫn các hoạt động phát triển ngôn ngữ và giao tiếp cho trẻ mầm non Theo bộ chuẩn phát triển trẻ 5 tuổi

Uloženo v:
Podrobná bibliografie
Hlavní autor: Trần, Lan Hương
Médium: Kniha
Vydáno: H. Giáo dục Việt Nam 2013
Vydání:Tái bản lần thứ nhất
Témata:
Tagy: Přidat tag
Žádné tagy, Buďte první, kdo otaguje tento záznam!
Thư viện lưu trữ: Trung tâm Học liệu Lê Vũ Hùng, Trường Đại học Đồng Tháp
LEADER 00949pam a22002178a 4500
001 00038569
005 20171026081025.0
008 170516s2013 ||||||Viesd
041 0 # |a Vie 
082 1 4 |a 372.21  |b H561D 
100 1 # |a Trần, Lan Hương 
245 1 0 |a Hướng dẫn các hoạt động phát triển ngôn ngữ và giao tiếp cho trẻ mầm non  |b Theo bộ chuẩn phát triển trẻ 5 tuổi  |c Trần Lan Hương...[và những người khác] 
250 # # |a Tái bản lần thứ nhất 
260 # # |a H.  |b Giáo dục Việt Nam  |c 2013 
300 # # |a 55 tr.  |c 24 cm 
653 # # |a Hướng dẫn các hoạt động phát triển ngôn ngữ và giao tiếp cho trẻ mầm non 
852 # # |b Kho đọc  |j KD.1001411 
852 # # |j KD.0025792 
910 |d 16/05/2017 
980 # # |a Trung tâm Học liệu Lê Vũ Hùng, Trường Đại học Đồng Tháp